000 00545nam a2200193Ia 4500
999 _c34227
_d34227
003 OSt
005 20201218110529.0
008 190216s9999||||xx |||||||||||||| ||und||
020 _a9780199233991
040 _coclc
082 _a530.03
_bUNI/D
100 _aUniversity, Oxford
_94957
245 0 _aA Dictionary Of Physics /
_cOxford University
250 _a6th Ed.
260 _bOxford University Press,
_aNew York:
_c2009.
300 _a616p
650 _aPhysics
942 _cBK
_2ddc
_h530.03
_iUNI/D
_k530.03
_mUNI/D